[Event "Titled Tuesday intern op 21st May Early"]
[Site "Chess.com INT"]
[Date "2024.05.21"]
[Round "9"]
[White "Bodnaruk, Anastasia"]
[Black "George Samir, David"]
[Result "1-0"]
[WhiteElo "2359"]
[BlackElo "2136"]
[PlyCount "77"]
[EventDate "2024.05.21"]
[EventType "swiss (blitz)"]
[EventRounds "11"]
[EventCountry "USA"]
[SourceTitle "CB22_2024"]
[SourceDate "2024.05.29"]
[SourceVersion "1"]
[SourceVersionDate "2024.05.29"]
[SourceQuality "1"]

1. e4 c5 2. Nc3 Nc6 3. Bb5 Nd4 4. Bc4 d6 5. Nge2 Nf6 6. d3 a6 7. a4 e6 8. 0-0 Be7 9. Nxd4 cxd4 10. Ne2 e5 11. c3 dxc3 12. Nxc3 0-0 13. a5 Be6 14. Nd5 Nxd5 15. exd5 Bd7 16. Re1 f5 17. b3 f4 18. Rxe5 dxe5 19. d6+ Kh8 20. dxe7 Qxe7 21. Ba3 Qg5 22. Bxf8 Rxf8 23. Bd5 Bg4 24. f3 Bh3 25. Qe2 Rf6 26. Be4 Rh6 27. Rc1 Bd7 28. Rc7 Qd8 29. Rxb7 Bc6 30. Bxc6 Rxc6 31. h3 h5 32. Qxe5 Rf6 33. Qxh5+ Kg8 34. Qg5 Qd4+ 35. Kh2 Rf8 36. h4 Qc3 37. h5 Kh8 38. h6 gxh6 39. Qg6 1-0

[Event "Titled Tuesday intern op 21st May Early"]
[Site "Chess.com INT"]
[Date "2024.05.21"]
[Round "10"]
[White "George Samir, David"]
[Black "Blokhin, Sofia"]
[Result "1-0"]
[WhiteElo "2136"]
[BlackElo "2052"]
[PlyCount "117"]
[EventDate "2024.05.21"]
[EventType "swiss (blitz)"]
[EventRounds "11"]
[EventCountry "USA"]
[SourceTitle "CB22_2024"]
[SourceDate "2024.05.29"]
[SourceVersion "1"]
[SourceVersionDate "2024.05.29"]
[SourceQuality "1"]

1. e4 c5 2. Nf3 e6 3. d4 cxd4 4. Nxd4 a6 5. c4 Nf6 6. Nc3 Bb4 7. Qd3 Qc7 8. Be2 0-0 9. 0-0 Nc6 10. Be3 Bxc3 11. bxc3 Ne5 12. Bf4 d6 13. Qg3 Nxe4 14. Qe3 f5 15. f3 Nf6 16. Nb3 Nh5 17. c5 Nxf4 18. Qxf4 dxc5 19. Rfe1 Rf7 20. Rad1 b5 21. Bxb5 axb5 22. Rxe5 Rxa2 23. Nxc5 h6 24. Qd4 Kh7 25. Nxe6 Bxe6 26. Rxe6 Qb7 27. Qe5 b4 28. cxb4 Qxb4 29. Red6 Rb2 30. Qg3 Rb1 31. Qg6+ Kg8 32. Rd8+ Rf8 33. Qe6+ Kh7 34. Rxf8 Rxd1+ 35. Kf2 Qd2+ 36. Kg3 Qd6+ 37. Qxd6 Rxd6 38. Rxf5 Rg6+ 39. Kf2 Rb6 40. Re5 Kg6 41. Re2 Kf5 42. g4+ Kf4 43. Re4+ Kg5 44. Kg3 Kf6 45. h4 g5 46. hxg5+ hxg5 47. Rc4 Rb3 48. Rc6+ Kg7 49. Kf2 Kf7 50. Rd6 Kg7 51. Ke2 Kf7 52. Rd3 Rb2+ 53. Ke3 Rb1 54. Ke4 Ke6 55. Re3 Rb4+ 56. Kd3+ Kd5 57. Re8 Rb3+ 58. Ke2 Rb2+ 59. Kf1 1-0

[Event "Titled Tuesday intern op 02nd Apr Early"]
[Site "Chess.com INT"]
[Date "2024.04.02"]
[Round "9"]
[White "George Samir, David"]
[Black "Tan, Ralph"]
[Result "1/2-1/2"]
[WhiteElo "2142"]
[BlackElo "2004"]
[PlyCount "146"]
[EventDate "2024.04.02"]
[EventType "swiss (blitz)"]
[EventRounds "11"]
[EventCountry "USA"]
[SourceTitle "CB15_2024"]
[SourceDate "2024.04.10"]
[SourceVersion "1"]
[SourceVersionDate "2024.04.10"]
[SourceQuality "1"]

1. e4 c6 2. Nc3 d5 3. Nf3 Bg4 4. h3 Bxf3 5. Qxf3 d4 6. Ne2 e5 7. d3 Nd7 8. g4 Ne7 9. h4 c5 10. Qg3 Nc6 11. a3 Bd6 12. Bg2 Qe7 13. Bd2 h5 14. g5 Nf8 15. Bh3 Ne6 16. Qf3 0-0-0 17. g6 f6 18. Ng3 Kc7 19. Nxh5 Nf4 20. Ng3 Nxg6 21. Nf5 Qf8 22. h5 Nge7 23. 0-0-0 Nxf5 24. Bxf5 c4 25. dxc4 Bc5 26. b4 Be7 27. Rhg1 d3 28. cxd3 Nd4 29. Qe3 a5 30. bxa5 Bxa3+ 31. Kb1 Qc5 32. Bc3 Bb4 33. Bxd4 Rxd4 34. Qe2 Qxa5 35. Qb2 Kb8 36. Rxg7 Rhd8 37. h6 Rxd3 38. Rxd3 Rxd3 39. h7 Rd1+ 40. Kc2 Rd2+ 41. Kc1 Rxb2 42. h8Q+ Ka7 43. Rxb7+ Kxb7 44. Qc8+ Ka7 45. Qd7+ Ka6 46. Qc6+ Qb6 47. Qxb6+ Kxb6 48. Kxb2 Kc5 49. Kb3 Be1 50. f3 Bd2 51. Be6 Bf4 52. Bg4 Be3 53. Bh5 Bd4 54. Bg4 Be3 55. Bh5 Bg5 56. Bg4 Bh6 57. Bh5 Bf8 58. Bg4 Bd6 59. Bf5 Kd4 60. Bg4 Bc5 61. Bh5 Ke3 62. Bg4 Kf4 63. Bh5 f5 64. exf5 Kxf5 65. Ka4 Ke6 66. Kb5 Kd6 67. Bg4 Be3 68. Bf5 Bd4 69. Be4 Bc5 70. Bd5 Bd4 71. Be4 Bc5 72. Bd5 Bf2 73. Be4 Bc5 1/2-1/2

[Event "Titled Tuesday intern op 02nd Apr Early"]
[Site "Chess.com INT"]
[Date "2024.04.02"]
[Round "6"]
[White "Mende, Andreas"]
[Black "George Samir, David"]
[Result "0-1"]
[WhiteElo "2101"]
[BlackElo "2142"]
[PlyCount "92"]
[EventDate "2024.04.02"]
[EventType "swiss (blitz)"]
[EventRounds "11"]
[EventCountry "USA"]
[SourceTitle "CB15_2024"]
[SourceDate "2024.04.10"]
[SourceVersion "1"]
[SourceVersionDate "2024.04.10"]
[SourceQuality "1"]

1. c4 c5 2. g3 g6 3. Bg2 Bg7 4. Nc3 Nc6 5. Nf3 e5 6. 0-0 Nge7 7. a3 0-0 8. Rb1 f5 9. b4 e4 10. Ne1 d6 11. b5 Ne5 12. Qb3 Be6 13. d3 d5 14. cxd5 Nxd5 15. Nxd5 Bxd5 16. Qc2 exd3 17. Nxd3 Bxg2 18. Kxg2 Qd5+ 19. Kg1 Nxd3 20. exd3 Rad8 21. Rd1 Bd4 22. Bg5 Rde8 23. Qc4 Qxc4 24. dxc4 Re2 25. Rf1 Rfe8 26. Rb3 Rc2 27. Be3 Bxe3 28. fxe3 Rxc4 29. Rf4 Rce4 30. Rxe4 Rxe4 31. b6 axb6 32. Rxb6 Rxe3 33. Rxb7 Rxa3 34. Rc7 Rc3 35. Kg2 c4 36. h4 Rc2+ 37. Kf3 h6 38. Ke3 c3 39. Kf3 Rc1 40. Kg2 c2 41. Kh2 Kf8 42. Kg2 Ke8 43. Kh2 g5 44. h5 f4 45. gxf4 gxf4 46. Kg2 f3+ 0-1

[Event "Reykjavik op"]
[Site "Reykjavik"]
[Date "2024.03.20"]
[Round "8"]
[White "Airlie, Arran"]
[Black "George Samir, David"]
[Result "0-1"]
[WhiteElo "1894"]
[BlackElo "2130"]
[PlyCount "102"]
[EventDate "2024.03.15"]
[EventType "swiss"]
[EventRounds "9"]
[EventCountry "ISL"]
[SourceTitle "CB13_2024"]
[SourceDate "2024.03.27"]
[SourceVersion "1"]
[SourceVersionDate "2024.03.27"]
[SourceQuality "1"]

1. e4 c5 2. Nf3 d6 3. d4 cxd4 4. Nxd4 Nf6 5. Nc3 Nc6 6. b3 Qa5 7. Bb2 Nxe4 8. Qf3 Ng5 9. Qe3 Qe5 10. Ncb5 Qxe3+ 11. fxe3 Kd8 12. 0-0-0 Ne4 13. Rg1 a6 14. Nc3 Nxc3 15. Bxc3 Kc7 16. Bc4 Ne5 17. Bd5 e6 18. Be4 f5 19. Bd3 Nxd3+ 20. cxd3 b6 21. g4 fxg4 22. Rdf1 Bd7 23. Rf7 Kd8 24. Ne2 e5 25. Rgf1 Ke8 26. d4 Rc8 27. Kd2 Bb5 28. R7f2 g6 29. dxe5 Bg7 30. Rf7 Rf8 31. Rxf8+ Bxf8 32. Bb4 a5 33. Ba3 Bxe2 34. Kxe2 Rc2+ 35. Kd3 Rxa2 36. Bxd6 Bxd6 37. exd6 Rxh2 38. Ke4 Kd7 39. Kf4 Kxd6 40. Kxg4 Rb2 41. Rd1+ Ke5 42. Rd3 Ke4 43. Rc3 Rg2+ 44. Kh3 Re2 45. Rc4+ Kxe3 46. Rc6 Rb2 47. Rxb6 Kd4 48. Rb5 a4 49. Rb4+ Kc5 50. Rxa4 Rxb3+ 51. Kh4 Rb4+ 0-1

[Event "Reykjavik op"]
[Site "Reykjavik"]
[Date "2024.03.19"]
[Round "7"]
[White "George Samir, David"]
[Black "Ferzli, Dany Michael"]
[Result "1/2-1/2"]
[WhiteElo "2130"]
[BlackElo "1879"]
[PlyCount "128"]
[EventDate "2024.03.15"]
[EventType "swiss"]
[EventRounds "9"]
[EventCountry "ISL"]
[SourceTitle "CB13_2024"]
[SourceDate "2024.03.27"]
[SourceVersion "1"]
[SourceVersionDate "2024.03.27"]
[SourceQuality "1"]

1. e4 c5 2. Nf3 e6 3. d4 cxd4 4. Nxd4 Nf6 5. Bd3 Nc6 6. Nxc6 bxc6 7. 0-0 d5 8. e5 Nd7 9. Re1 Qc7 10. f4 a5 11. c3 Ba6 12. Bxa6 Qb6+ 13. Be3 Qxa6 14. Nd2 Be7 15. Qg4 0-0 16. Kh1 Bc5 17. Nb3 Bxe3 18. Rxe3 c5 19. Rg3 g6 20. Rh3 Rfc8 21. Qh4 Nf8 22. Qf2 Qb5 23. Rb1 Qc4 24. Ra1 a4 25. Nd2 Qb5 26. Nf1 Rab8 27. Rb1 Qc4 28. Ra1 Rb7 29. Ne3 Qb5 30. Rb1 Qd3 31. Rd1 Qb5 32. Ng4 Qxb2 33. Nf6+ Kg7 34. Qh4 h5 35. Rg3 Nh7 36. Nxh5+ Kf8 37. Nf6 Nxf6 38. Qxf6 Qc2 39. Rg1 Rb1 40. h4 Rxg1+ 41. Kxg1 Qd1+ 42. Kh2 Qh5 43. c4 d4 44. Ra3 Ra8 45. Kh3 Qf5+ 46. Kg3 Qxf6 47. exf6 Ke8 48. Kf3 Kd7 49. Ke4 Kc6 50. g4 Kb6 51. Rh3 Kc6 52. h5 gxh5 53. gxh5 Rh8 54. h6 Rh7 55. f5 Kd6 56. Kf4 Kd7 57. Ke5 exf5 58. Kxf5 Kc7 59. Kg5 Kd6 60. Ra3 Ke5 61. Rxa4 d3 62. Ra8 Kd4 63. Rd8+ Kxc4 64. a4 Kb4 1/2-1/2

[Event "Titled Tuesday intern op 12th Mar Early"]
[Site "Chess.com INT"]
[Date "2024.03.12"]
[Round "2"]
[White "George Samir, David"]
[Black "Kozin, Yuri"]
[Result "0-1"]
[WhiteElo "2130"]
[BlackElo "2251"]
[PlyCount "54"]
[EventDate "2024.03.12"]
[EventType "swiss (blitz)"]
[EventRounds "11"]
[EventCountry "USA"]
[SourceTitle "CB12_2024"]
[SourceDate "2023.10.01"]
[SourceVersion "1"]
[SourceVersionDate "2023.10.01"]
[SourceQuality "1"]

1. e4 c5 2. Nf3 e6 3. d4 cxd4 4. Nxd4 Nf6 5. Bd3 Nc6 6. Nxc6 bxc6 7. 0-0 d5 8. e5 Nd7 9. f4 Ba6 10. Bxa6 Qb6+ 11. Kh1 Qxa6 12. Nd2 Be7 13. Nf3 0-0 14. Be3 Rab8 15. b3 Bc5 16. Bxc5 Nxc5 17. g4 Ne4 18. f5 f6 19. fxe6 Rbe8 20. c4 fxe5 21. cxd5 cxd5 22. Qxd5 Nf6 23. Qxe5 Nxg4 24. Qg3 Ne3 25. Rg1 Nf5 26. Qg5 Qxe6 27. Raf1 h6 0-1

[Event "Titled Tuesday intern op 13th Feb Early"]
[Site "Chess.com INT"]
[Date "2024.02.13"]
[Round "10"]
[White "Blanco Diez, David"]
[Black "George Samir, David"]
[Result "0-1"]
[WhiteElo "2308"]
[BlackElo "2090"]
[PlyCount "104"]
[EventDate "2024.02.13"]
[EventType "swiss (blitz)"]
[EventRounds "11"]
[EventCountry "USA"]
[SourceTitle "CB08_2024"]
[SourceDate "2024.02.21"]
[SourceVersion "1"]
[SourceVersionDate "2024.02.21"]
[SourceQuality "1"]

1. e4 c5 2. Nf3 d6 3. d4 cxd4 4. Nxd4 Nf6 5. Nc3 Nc6 6. Bg5 e6 7. Qd2 h6 8. Nxc6 bxc6 9. Bf4 d5 10. 0-0-0 Bb4 11. Qe3 Qa5 12. Be5 Ng4 13. Qg3 Nxe5 14. Qxg7 Ng6 15. exd5 Bxc3 16. bxc3 cxd5 17. Bd3 Qa3+ 18. Kd2 Qf8 19. Qf6 Qe7 20. Qg7 Qg5+ 21. Ke1 Qe5+ 22. Qxe5 Nxe5 23. Be2 Bd7 24. f4 Ng6 25. f5 Ne7 26. fxe6 fxe6 27. Bh5+ Kd8 28. Rf1 Rc8 29. Rf7 Rxc3 30. Rb1 Be8 31. Rg7 Bxh5 32. Rb7 Re8 33. g4 Bg6 34. Rxa7 Rxc2 35. a4 d4 36. Ra8+ Rc8 37. Ra7 d3 38. Kd1 Rc7 39. Ra8+ Kd7 40. Ra5 Rb8 41. Rb5 Rxb5 42. axb5 Rb7 43. h4 Be4 44. g5 hxg5 45. Rxg5 Bf5 46. h5 Rxb5 47. h6 Rb1+ 48. Kd2 Rh1 49. Rxf5 Nxf5 50. Kxd3 Rxh6 51. Ke4 Rh4+ 52. Ke5 Rh5 0-1

[Event "Titled Tuesday intern op 13th Feb Early"]
[Site "Chess.com INT"]
[Date "2024.02.13"]
[Round "3"]
[White "George Samir, David"]
[Black "Lerch, Johannes"]
[Result "1-0"]
[WhiteElo "2090"]
[BlackElo "2264"]
[PlyCount "77"]
[EventDate "2024.02.13"]
[EventType "swiss (blitz)"]
[EventRounds "11"]
[EventCountry "USA"]
[SourceTitle "CB08_2024"]
[SourceDate "2024.02.21"]
[SourceVersion "1"]
[SourceVersionDate "2024.02.21"]
[SourceQuality "1"]

1. e4 g6 2. d4 Bg7 3. Nc3 d6 4. f4 a6 5. a4 b6 6. Nf3 Bb7 7. Bd3 Nd7 8. 0-0 c5 9. Be3 Ngf6 10. h3 0-0 11. e5 Nd5 12. Nxd5 Bxd5 13. c3 cxd4 14. cxd4 dxe5 15. fxe5 e6 16. h4 b5 17. axb5 axb5 18. Rxa8 Qxa8 19. Bxb5 Qb7 20. Bd3 Qxb2 21. Rf2 Qc3 22. h5 Ra8 23. Rc2 Qb4 24. Rc7 Nf8 25. h6 Bh8 26. Qe2 Ra1+ 27. Kh2 Bxf3 28. Qxf3 f5 29. Bf2 Ra3 30. Qe2 Qb3 31. Bc4 Qb1 32. Rc8 Qb6 33. d5 Qb7 34. dxe6 Qxc8 35. e7+ Ne6 36. Bxe6+ Qxe6 37. Qc4 Bxe5+ 38. g3 Ra6 39. e8Q# 1-0

[Event "Titled Tuesday intern op 13th Feb Early"]
[Site "Chess.com INT"]
[Date "2024.02.13"]
[Round "5"]
[White "Porozhniak, Maya"]
[Black "George Samir, David"]
[Result "1-0"]
[WhiteElo "1863"]
[BlackElo "2090"]
[PlyCount "65"]
[EventDate "2024.02.13"]
[EventType "swiss (blitz)"]
[EventRounds "11"]
[EventCountry "USA"]
[SourceTitle "CB08_2024"]
[SourceDate "2024.02.21"]
[SourceVersion "1"]
[SourceVersionDate "2024.02.21"]
[SourceQuality "1"]

1. e4 c5 2. Nf3 d6 3. d4 cxd4 4. c3 Nf6 5. Bd3 dxc3 6. Nxc3 Nc6 7. h3 e6 8. 0-0 a6 9. Qe2 Be7 10. Rd1 0-0 11. e5 Nd7 12. exd6 Bxd6 13. Bxh7+ Kxh7 14. Rxd6 Qe7 15. Rd3 g6 16. Bf4 Re8 17. Bd6 Qf6 18. Ne4 Qg7 19. Rad1 e5 20. Ba3 Nf8 21. Nd6 Rd8 22. Ng5+ Kg8 23. Ngxf7 Rd7 24. Ng5 Nd4 25. Qe4 Qf6 26. Qd5+ Kh8 27. Nge4 Qe6 28. Rxd4 exd4 29. Qxd4+ Rg7 30. Ng5 Qe2 31. Ndf7+ Kg8 32. Nh6+ Kh8 33. Bxf8 1-0

[Event "Titled Tuesday intern op 13th Feb Early"]
[Site "Chess.com INT"]
[Date "2024.02.13"]
[Round "7"]
[White "Slovineanu, Viacheslav"]
[Black "George Samir, David"]
[Result "0-1"]
[WhiteElo "2412"]
[BlackElo "2090"]
[PlyCount "64"]
[EventDate "2024.02.13"]
[EventType "swiss (blitz)"]
[EventRounds "11"]
[EventCountry "USA"]
[SourceTitle "CB08_2024"]
[SourceDate "2024.02.21"]
[SourceVersion "1"]
[SourceVersionDate "2024.02.21"]
[SourceQuality "1"]

1. d4 Nf6 2. Nf3 e6 3. c4 b6 4. e3 Bb7 5. Bd3 Bb4+ 6. Nbd2 Qe7 7. a3 Bxd2+ 8. Bxd2 0-0 9. 0-0 d6 10. b4 Nbd7 11. Bc3 e5 12. Nd2 e4 13. Be2 d5 14. a4 a5 15. bxa5 bxa5 16. Rb1 Ba6 17. Bxa5 c5 18. Bc3 dxc4 19. dxc5 Nxc5 20. Bxf6 Qxf6 21. Nxc4 Bxc4 22. Bxc4 Nxa4 23. Ra1 Nb6 24. Bb3 Rad8 25. Qg4 Rd3 26. Bc2 Rd2 27. Bxe4 Rxf2 28. Rxf2 Qxa1+ 29. Rf1 Qc3 30. Qf4 Nc4 31. Bd5 Qxe3+ 32. Qxe3 Nxe3 0-1

[Event "Dubai op-B 23rd"]
[Site "Dubai"]
[Date "2023.06.02"]
[Round "7"]
[White "George Samir, David"]
[Black "Roneet, Das"]
[Result "1-0"]
[WhiteElo "2054"]
[BlackElo "1702"]
[PlyCount "47"]
[EventDate "2023.05.27"]
[EventType "swiss"]
[EventRounds "9"]
[EventCountry "UAE"]
[SourceTitle "CBM 214 Extra"]
[Source "ChessBase"]
[SourceDate "2023.07.31"]
[SourceVersion "1"]
[SourceVersionDate "2023.07.31"]
[SourceQuality "1"]

1. e4 e6 2. d4 d5 3. Nd2 c5 4. exd5 Qxd5 5. Ngf3 Nf6 6. Bc4 Qc6 7. a4 Qc7 8. 0-0 Bd6 9. dxc5 Bxc5 10. Qe2 0-0 11. Bd3 Nbd7 12. a5 Be7 13. c3 Nc5 14. Bb1 Bd7 15. b4 Na4 16. Ne4 Nxc3 17. Nxc3 Qxc3 18. Bb2 Qxb4 19. Ba3 Qxa3 20. Rxa3 Bxa3 21. Ne5 Rfd8 22. a6 bxa6 23. Nxd7 Rxd7 24. Qf3 1-0

[Event "Dubai op-B 23rd"]
[Site "Dubai"]
[Date "2023.05.30"]
[Round "4"]
[White "Tamer Wageih, Fareed"]
[Black "George Samir, David"]
[Result "1-0"]
[WhiteElo "1866"]
[BlackElo "2054"]
[PlyCount "49"]
[EventDate "2023.05.27"]
[EventType "swiss"]
[EventRounds "9"]
[EventCountry "UAE"]
[SourceTitle "CBM 214 Extra"]
[Source "ChessBase"]
[SourceDate "2023.07.31"]
[SourceVersion "1"]
[SourceVersionDate "2023.07.31"]
[SourceQuality "1"]

1. e4 c5 2. c3 Nf6 3. e5 Nd5 4. Nf3 Nc6 5. d4 cxd4 6. cxd4 d6 7. Bc4 e6 8. Qe2 Be7 9. 0-0 0-0 10. Rd1 Qc7 11. Nc3 Nxc3 12. bxc3 dxe5 13. dxe5 b6 14. Qe4 Bb7 15. Bd3 g6 16. Bh6 Rfd8 17. Qf4 Rd5 18. Be4 Rc5 19. Bxc6 Qxc6 20. Rd3 Rc4 21. Qd2 Qc7 22. Rd7 Qc6 23. Rxe7 Rg4 24. Rd1 Rxg2+ 25. Kh1 1-0

[Event "Dubai op-B 23rd"]
[Site "Dubai"]
[Date "2023.05.29"]
[Round "3"]
[White "George Samir, David"]
[Black "Saeed, M Nami"]
[Result "1-0"]
[WhiteElo "2054"]
[BlackElo "1352"]
[PlyCount "66"]
[EventDate "2023.05.27"]
[EventType "swiss"]
[EventRounds "9"]
[EventCountry "UAE"]
[SourceTitle "CBM 214 Extra"]
[Source "ChessBase"]
[SourceDate "2023.07.31"]
[SourceVersion "1"]
[SourceVersionDate "2023.07.31"]
[SourceQuality "1"]

1. e4 c5 2. Nf3 Nc6 3. d4 cxd4 4. Nxd4 Nf6 5. Nc3 e5 6. Ndb5 d6 7. Nd5 Nxd5 8. exd5 Ne7 9. c4 Ng6 10. h4 a6 11. h5 axb5 12. hxg6 fxg6 13. cxb5 Be7 14. Bd3 Bf5 15. g4 Bxd3 16. Qxd3 Bh4 17. g5 Ra4 18. Be3 Bxg5 19. Qxg6+ hxg6 20. Rxh8+ Kd7 21. Rxd8+ Bxd8 22. a3 Bf6 23. b3 Rh4 24. Ke2 Rh5 25. a4 e4 26. Rd1 Bc3 27. Rc1 Ba5 28. b6 Rxd5 29. Rc7+ Kd8 30. Rxb7 Rd3 31. Ra7 Bb4 32. Ra8+ Kd7 33. b7 Rxb3 1-0

[Event "Arab-ch"]
[Site "Khartoum"]
[Date "2023.03.02"]
[Round "5"]
[White "Hesham, Abdelrahman"]
[Black "George Samir, David"]
[Result "1-0"]
[WhiteElo "2412"]
[BlackElo "2000"]
[PlyCount "113"]
[EventDate "2023.02.26"]
[EventType "swiss"]
[EventRounds "9"]
[EventCountry "SUD"]
[SourceTitle "CBM 213 Extra"]
[Source "ChessBase"]
[SourceDate "2023.05.31"]
[SourceVersion "1"]
[SourceVersionDate "2023.05.31"]
[SourceQuality "1"]

1. d4 Nf6 2. c4 e6 3. Nf3 d5 4. Nc3 c5 5. cxd5 Nxd5 6. e4 Nxc3 7. bxc3 cxd4 8. cxd4 Bb4+ 9. Bd2 Bxd2+ 10. Qxd2 0-0 11. Bc4 Nc6 12. 0-0 b6 13. Rac1 Bb7 14. d5 Na5 15. dxe6 Nxc4 16. Qxd8 Rfxd8 17. exf7+ Kxf7 18. Rxc4 Rac8 19. Rxc8 Rxc8 20. Rd1 Ke7 21. h4 Rc2 22. Nd4 Rxa2 23. Nf5+ Kf6 24. f3 g6 25. Nd6 Bc6 26. Nc4 Ke7 27. h5 gxh5 28. Ne3 Bb7 29. Nf5+ Kf6 30. Rc1 Ba6 31. f4 Bd3 32. Rc6+ Kf7 33. Rc7+ Kf6 34. Nd6 Ke6 35. e5 Ra4 36. Rf7 Rd4 37. Rf6+ Ke7 38. Nc8+ Kd7 39. Nxa7 Be4 40. Kf2 Ra4 41. g3 Ra3 42. Rd6+ Ke8 43. Nb5 Rf3+ 44. Ke2 Rxg3 45. Rxb6 Bd3+ 46. Kf2 Rg6 47. Nd6+ Kd7 48. Ke3 Bc2 49. Rb2 Rg3+ 50. Kd4 Bg6 51. f5 Rg1 52. fxg6 Rd1+ 53. Ke4 hxg6 54. Nc4 h4 55. Rd2+ Rxd2 56. Nxd2 h3 57. Nf3 1-0

[Event "Wch U12"]
[Site "Batumi"]
[Date "2022.09.24"]
[Round "8"]
[White "George Samir, David"]
[Black "Tulendinov, Dinmukhammed"]
[Result "0-1"]
[WhiteElo "1818"]
[BlackElo "2076"]
[PlyCount "56"]
[EventDate "2022.09.16"]
[EventType "swiss"]
[EventRounds "11"]
[EventCountry "GEO"]
[SourceTitle "EXT 2023"]
[Source "ChessBase"]
[SourceDate "2022.10.05"]
[SourceVersion "1"]
[SourceVersionDate "2022.10.05"]
[SourceQuality "1"]

1. e4 c5 2. Nf3 e6 3. d4 cxd4 4. Nxd4 a6 5. Bd3 Nf6 6. 0-0 d6 7. c4 g6 8. Nc3 Bg7 9. Be3 0-0 10. f3 Nbd7 11. Qd2 Qc7 12. b3 b6 13. Rac1 Bb7 14. Rfd1 Rac8 15. Be2 Rfd8 16. Qe1 Qb8 17. Qf2 Ne5 18. g4 Ned7 19. h4 h5 20. g5 Ne8 21. f4 Nc5 22. Bf3 Qa8 23. Qg2 Nc7 24. b4 Nd7 25. Nb3 Ne8 26. Ne2 Rc7 27. c5 dxc5 28. bxc5 Nxc5 0-1